E il fuoco si spense sul mare... /

Saved in:
书目详细资料
主要作者: Adelswärd Fersen, Jacques : d' (Author)
其他作者: Coppini, Romano Paolo, Nieri, Rolando
格式: 图书
语言:意大利语
出版: Capri : La conchiglia, \1991!
丛编:Atyidae ; 1
标签: 添加标签
没有标签, 成为第一个标记此记录!

MARC

LEADER 00000nam a22000007i 4500
001 IT\ICCU\CFI\0222748
003 ItRI
005 20260115232417.0
008 930709s1991 it |||||| ||||| |||||c
040 |b ita  |c importazione bologna sebina 
041 7 |a ita  |2 ISO-639-2 
082 |a 843.912  |9 NARRATIVA FRANCESE. 1900-1945  |2 19 
100 1 |a Adelswärd Fersen, Jacques : d'  |0 IT\ICCU\CFIV\121643  |4 aut 
245 1 0 |a E il fuoco si spense sul mare... /  |c Jacques Fersen ; traduzione di Romano Paolo Coppini e Rolando Nieri. 
260 |a Capri :  |b La conchiglia,  |c \1991! 
300 |a 170 p. ;  |c 22 cm. 
700 1 |a Coppini, Romano Paolo  |0 IT\ICCU\CFIV\032273 
700 1 |a Nieri, Rolando  |0 IT\ICCU\RAVV\058652 
790 1 |a Fersen, Jacques  |3 IT\ICCU\CFIV\157234  |z Adelswärd Fersen, Jacques : d' 
790 1 |a Adelswaerd Fersen, Jacques : d'  |3 IT\ICCU\CFIV\199960  |z Adelswärd Fersen, Jacques : d' 
790 1 |a Adelswärd, Jacques : d'  |3 IT\ICCU\NAPV\073414  |z Adelswärd Fersen, Jacques : d' 
830 0 |a Atyidae ;  |v 1  |0 IT\ICCU\CFI\0229454 
942 |2 ddc  |c BK  |n 0 
952 |0 0  |1 0  |4 0  |6 DOC_843_912000000000000_FER  |7 0  |9 25460  |a BO  |b BO  |d 2026-01-15  |i 4485  |l 0  |o DOC 843.912 FER  |p BO4485  |r 2026-01-15 23:24:17  |w 2026-01-15  |x [Sebina 5] [1 v.]  |y BK  |z 1 v. 
999 |c 21618  |d 21618